| 000 | 00580nam a22001577a 4500 | ||
|---|---|---|---|
| 008 | 090503t xxu||||| |||| 00| 0 eng d | ||
| 020 | _a0131594176 | ||
| 082 |
_222 _a300.727 _bNOR |
||
| 100 |
_94286 _aNorusis, M. J. _d1948- _q(Marija J.), |
||
| 245 |
_aSPSS 15.0 statistical procedures companion / _c Marija J. Norusis. |
||
| 260 |
_aUpper Saddle River, NJ : _b Prentice Hall, _c2006 |
||
| 300 |
_axxii, 626 p. : _bill. ; _c23 cm |
||
| 504 | _aIncludes bibliographical references (p. 607-611) and index. | ||
| 650 |
_94289 _aSocial sciences _xComputer programs. |
||
| 942 |
_2ddc _cBB |
||
| 999 |
_c11481 _d11481 |
||